000 01091nam a2200301 a 4500
001 000114748
003 CHAP
005 20220329144456.0
008 180405s2018 mx |sm |||||||spa d
010 _a111209
011 _a112181
040 _cCHAP
090 _aTesis
100 1 _aRamos Fernández, Josué
_9135027
245 1 0 _aUso de paclobutrazol para mejorar rendimiento y calidad de fruto de jitomate saladette cultivado en invernadero
_h[En línea]
_cpor Josué Ramos Fernández.
260 _aChapingo, Méx. :
_bEl autor,
_c2018.
500 _aPara ver el contenido del material haga clic en la liga
502 _aTesis (Ing. Agr. Esp. en Fitotecnia) -- UACH. Departamento de Fitotecnia
590 _aE6337LMJ
_b05
_c20180405
_lUCH01
_h1035
590 _aE6337LMJ
_b05
_c20180405
_lUCH01
_h1035
650 1 4 _aTomate
_xCrecimiento.
_9113702
650 1 4 _aTomate
_xCultivos en invernadero.
_9113704
650 1 4 _aTomate
_xRendimiento.
_9113761
856 _aFinding aid
_uhttp://10.13.5.2/tesis/sist114748.pdf
_zTeclea aquí
901 _aBK
942 _cTESIS
942 _n0
999 _c111209
_d111209